Physical activity towards health and fitness 1 (Path-Fit 1) : health and wellness, movement education and exercise program / Dr. Michelle D. Punzalan [and four others]. (Record no. 21327)

000 -LEADER
fixed length control field 00683nam a22001937a 4500
020 ## - INTERNATIONAL STANDARD BOOK NUMBER
ISBN 9789719655565
082 ## - DEWEY DECIMAL CLASSIFICATION NUMBER
Classification number 613.71
Item number P9847 2023
100 ## - MAIN ENTRY--AUTHOR NAME
Personal name Punzalan, Michelle D., author.
245 ## - TITLE STATEMENT
Title Physical activity towards health and fitness 1 (Path-Fit 1) : health and wellness, movement education and exercise program / Dr. Michelle D. Punzalan [and four others].
260 ## - PUBLICATION, DISTRIBUTION, ETC. (IMPRINT)
Place of publication Manila :
Name of publisher Mindshapers Co., Inc.,
Year of publication ©2023.
300 ## - PHYSICAL DESCRIPTION
Number of Pages vi, 136 pages :
Other physical details illustrations ; 23 cm
500 ## - GENERAL NOTE
General note Includes bibliographical references.
650 ## - SUBJECT ADDED ENTRY--TOPICAL TERM
Topical Term Physical fitness.
650 ## - SUBJECT ADDED ENTRY--TOPICAL TERM
Topical Term Exercise.
650 ## - SUBJECT ADDED ENTRY--TOPICAL TERM
Topical Term Health.
650 ## - SUBJECT ADDED ENTRY--TOPICAL TERM
Topical Term Wellness.
650 ## - SUBJECT ADDED ENTRY--TOPICAL TERM
Topical Term Physical education.
942 ## - ADDED ENTRY ELEMENTS (KOHA)
Koha item type Books
Holdings
Source of acquisition Permanent Location Date acquired Koha item type Collection code Accession Number Lost status Shelving location Withdrawn status Current Location Full call number
SchoolCagayan State University - Carig Library2025-08-29BooksApplied Sciences011135 General Collection Cagayan State University - Carig Library613.71 P9847 2023
SchoolCagayan State University - Carig Library2025-08-29BooksApplied Sciences011136 General Collection Cagayan State University - Carig Library613.71 P9847 2023
SchoolCagayan State University - Carig Library2025-08-29BooksApplied Sciences011137 General Collection Cagayan State University - Carig Library613.71 P9847 2023

Cagayan State University University Library, Carig Campus
Tuguegarao City, Cagayan 3500 | www.csucarig.edu.ph

Powered by Koha